LEADER 01241nam0 2200337 450 001 000027072 005 20110913150901.0 100 $a20091216d1939----km-y0itay50------ba 101 1 $aita 102 $aIT 200 1 $aCanti scelti$fdi Eduard Mörike$g[trad. di E. Weidlich] 210 $aLanciano$c<> Carabba$dstampa 1939 215 $aVIII, 139 p.$d18 cm 225 2 $aScrittori italiani e stranieri$iPoesia$v410 300 $aIn testa al front. firma autografa: Sergio de Pilato, gennaio 940, XVIII 300 $aLire 5 410 1$12001$aScrittori italiani e stranieri$iPoesia$v410 676 $a831.7$v(21. ed.)$9Poesia tedesca. 1832-1856 700 1$aMörike,$bEduard$0757552 702 1$aWeidlich,$bEmilio 801 0$aIT$bUniversitā della Basilicata - B.I.A.$gRICA$2unimarc 912 $a000027072 996 $aCanti scelti$91528679 997 $aUNIBAS BAS $aLETTERE CAT $aTTM$b30$c20091216$lBAS01$h1243 CAT $aTTM$b30$c20100219$lBAS01$h1203 CAT $aATR$b20$c20100312$lBAS01$h1145 CAT $aATR$b20$c20110913$lBAS01$h1509 FMT Z30 -1$lBAS01$LBAS01$mBOOK$1BASA1$APolo Storico-Umanistico$2FDEP2$BFondo De Pilato Biscione$3FD/109289$6109289$5L109289$820091216$f52$FRari